[Event "Catalunya-chB"]
[Site "Spain"]
[Date "1996.11.10"]
[Round "6"]
[White "Sevegrand, Jean Pierre"]
[Black "Catala Ramon, Luis"]
[Result "0-1"]
[WhiteElo "1870"]
[BlackElo "1765"]
[PlyCount "64"]
[EventDate "1997.??.??"]
[EventType "swiss"]
[EventRounds "8"]
[EventCountry "ESP"]
[SourceTitle "EXT 2003"]
[Source "ChessBase"]
[SourceDate "2002.11.25"]
[SourceVersion "1"]
[SourceVersionDate "2002.11.25"]
[SourceQuality "1"]

1. d4 c5 2. e3 cxd4 3. exd4 d5 4. Bd3 Nf6 5. Nf3 Bg4 6. Nbd2 Nc6 7. c3 e6 8. Qc2 Bd6 9. Bb5 0-0 10. Bxc6 bxc6 11. Ng5 Bf5 12. Qa4 Qc7 13. Ngf3 Bd3 14. Qd1 Rab8 15. Nf1 Bb5 16. Qc2 Rfe8 17. Be3 a5 18. Kd2 Qb7 19. Ng3 Bc4 20. Rhb1 Qa6 21. b3 Bxg3 22. bxc4 Ne4+ 23. Ke1 Bc7 24. c5 Qc4 25. Rc1 a4 26. Nd2 Nxd2 27. Qxd2 Ba5 28. Rab1 Rxb1 29. Rxb1 Bxc3 30. Qxc3 Qxc3+ 31. Kd1 Qa3 32. Ra1 Qb2 0-1

[Event "Catalunya-chB"]
[Site "Spain"]
[Date "1996.10.13"]
[Round "2"]
[White "Sevegrand, Jean Pierre"]
[Black "Paluzie Pons de Vall, Oriol"]
[Result "0-1"]
[WhiteElo "1870"]
[BlackElo "1830"]
[PlyCount "123"]
[EventDate "1997.??.??"]
[EventType "swiss"]
[EventRounds "8"]
[EventCountry "ESP"]
[SourceTitle "EXT 2003"]
[Source "ChessBase"]
[SourceDate "2002.11.25"]
[SourceVersion "1"]
[SourceVersionDate "2002.11.25"]
[SourceQuality "1"]

1. d4 Nf6 2. Bg5 e6 3. Nf3 d5 4. e3 Nbd7 5. Bd3 Bd6 6. Nbd2 e5 7. e4 exd4 8. exd5 Be7 9. Nxd4 Nxd5 10. Bxe7 Qxe7+ 11. Qe2 Ne5 12. 0-0-0 Nxd3+ 13. Qxd3 0-0 14. Nf5 Qe6 15. Nd4 Nb4 16. Nxe6 Nxd3+ 17. cxd3 Bxe6 18. b3 Rad8 19. Nf3 Bg4 20. Rhe1 Bxf3 21. gxf3 Rfe8 22. Kd2 Kf8 23. Rc1 c6 24. Re4 Rd5 25. Rxe8+ Kxe8 26. Re1+ Kd7 27. Re4 Rh5 28. h4 Rd5 29. Ra4 a6 30. Rg4 g6 31. Re4 f5 32. Re1 Rd4 33. Rh1 Kd6 34. Ke3 Ke5 35. Kd2 b5 36. Kc3 a5 37. Re1+ Kd5 38. Re7 Rxh4 39. Rg7 Kc5 40. Rd7 Kb6 41. Kd2 a4 42. Re7 axb3 43. axb3 Kc5 44. Re1 Rh2 45. Ke3 Kb4 46. Rb1 Rh4 47. d4 c5 48. dxc5 Kxc5 49. f4 Kb4 50. f3 Kc3 51. b4 Rh2 52. Rc1+ Kxb4 53. Kd4 Rd2+ 54. Ke3 Rd7 55. Rb1+ Kc5 56. Rc1+ Kb6 57. Kf2 b4 58. Rb1 Kb5 59. Ke2 Kc4 60. Rd1 Rxd1 61. Kxd1 Kc3 62. Kc1 0-1